| 000 | 005470000a22001810004500 | ||
|---|---|---|---|
| 020 | _a0-7899-0757-7 | ||
| 041 | 0 | _aSPA | |
| 082 | 0 | 4 | _aG 465 L7916m |
| 100 | 1 | _aLlerena, Mario | |
| 245 | 1 | 0 | _aUn manual de estilo : Una presentación práctica y fácil de las normas necesarias para el uso correcto y apropiado del idioma español / Mario Llerena |
| 260 | _a[S.L] : FLET | ||
| 300 | _a419 Pag | ||
| 001 | 10238 | ||
| 942 | _cBK | ||
| 999 |
_c39872 _d39872 |
||
| 336 |
_atexto _btxt _2rdacontent |
||
| 337 |
_2rdamedia _asin mediación _bn |
||
| 338 |
_2rdacarrier _avolumen _bnc |
||